Introducción a las teorías modernas del crecimiento económico (Registro nro. 4231)

Detalles MARC
000 -LEADER
fixed length control field 01281 a2200265 4500
001 - CONTROL NUMBER
control field 46683
005 - DATE AND TIME OF LATEST TRANSACTION
control field 20260407155737.0
008 - FIXED-LENGTH DATA ELEMENTS--GENERAL INFORMATION
fixed length control field 260407a1988 arg spa d
003 - CONTROL NUMBER IDENTIFIER
control field AR-UNSa-BCEJYS
040 ## - CATALOGING SOURCE
Original cataloging agency AR-UNSa-BCEJYS
Language of cataloging spa
Transcribing agency AR-UNSa-BCEJYS
080 ## - UNIVERSAL DECIMAL CLASSIFICATION NUMBER
Universal Decimal Classification number 330.35
Common auxiliary subdivision Crecimiento económico
020 ## - INTERNATIONAL STANDARD BOOK NUMBER
International Standard Book Number 84-7162-785-X
041 ## - LANGUAGE CODE
Language code of text/sound track or separate title spa
100 1# - MAIN ENTRY--PERSONAL NAME
Personal name Jones, Hywel
245 10 - TITLE STATEMENT
Title Introducción a las teorías modernas del crecimiento económico
250 ## - EDITION STATEMENT
Edition statement 2a. ed.
264 #1 - PRODUCTION, PUBLICATION, DISTRIBUTION, MANUFACTURE, AND COPYRIGHT NOTICE
Place of production, publication, distribution, manufacture Barcelona :
Name of producer, publisher, distributor, manufacturer Antoni Bosch
Date of production, publication, distribution, manufacture, or copyright notice 1988
300 ## - PHYSICAL DESCRIPTION
Extent 313 p.
Dimensions 22 cm.
505 ## - FORMATTED CONTENTS NOTE
Formatted contents note 1. Crecimiento económico: teorías, modelos y “realidad” – 2. Conceptos y métodos de la teoría del crecimiento – 3. El modelo de crecimiento económico de Harrod-Domar – 4. El modelo de crecimiento neoclásico unisectorial – 5. Modelos de crecimiento económico bisectoriales – 6. La crítica de Cambridge – 7. Las acepciones sencillas del progreso técnico – 8. La transmisión y las causas del progreso técnico – 9. Crecimiento económico y bienestar.
590 ## - LOCAL NOTE (RLIN)
Local note niveau_biblio:m niveau_hierar:0
700 1# - ADDED ENTRY--PERSONAL NAME
Personal name Aguiló, Eugeni
700 1# - ADDED ENTRY--PERSONAL NAME
Personal name Menduiña, Antonio
856 41 - ELECTRONIC LOCATION AND ACCESS
Uniform Resource Identifier <a href="https://www.biblioeco.unsa.edu.ar/pmb/images/libros/L128351.jpg">https://www.biblioeco.unsa.edu.ar/pmb/images/libros/L128351.jpg</a>
Link text Imagen de portada
Electronic format type image/jpeg
942 ## - ADDED ENTRY ELEMENTS (KOHA)
Koha item type
Existencias
Withdrawn status Lost status Damaged status Not for loan Home library Current library Shelving location Date acquired Total checkouts Full call number Barcode Date last seen Price effective from Koha item type
        Biblioteca Prof. Eusebio Cleto del Rey Biblioteca Prof. Eusebio Cleto del Rey   07/04/2026   330.35 J76i 2ed. L70381 07/04/2026 07/04/2026 Libro
        Biblioteca Prof. Eusebio Cleto del Rey Biblioteca Prof. Eusebio Cleto del Rey   07/04/2026   330.35 J76i 2ed. L70379 07/04/2026 07/04/2026 Libro
        Biblioteca Prof. Eusebio Cleto del Rey Biblioteca Prof. Eusebio Cleto del Rey   07/04/2026   330.35 J76i 2ed. L70380 07/04/2026 07/04/2026 Libro
        Biblioteca Prof. Eusebio Cleto del Rey Biblioteca Prof. Eusebio Cleto del Rey   07/04/2026   330.35 J76i 2ed. L70160 07/04/2026 07/04/2026 Libro
        Biblioteca Prof. Eusebio Cleto del Rey Biblioteca Prof. Eusebio Cleto del Rey   07/04/2026   330.35 J76i 2ed. L70378 07/04/2026 07/04/2026 Libro
        Biblioteca Prof. Eusebio Cleto del Rey Biblioteca Prof. Eusebio Cleto del Rey   07/04/2026   330.35 J76i L128351 07/04/2026 07/04/2026 Libro